| 000 | 00876cam a2200265 a 4500 | ||
|---|---|---|---|
| 001 | 740321 | ||
| 005 | 20180208043941.0 | ||
| 008 | 990525s2000 nyuc b 001 0 eng c | ||
| 010 | _a 99016258 | ||
| 020 | _a0826112935 (hardcover) | ||
| 040 |
_aDNLM/DLC _cDLC _dDLC |
||
| 041 | _aeng | ||
| 042 | _apcc | ||
| 060 | 1 | 0 |
_a610.73699 _bP467 1999 |
| 080 | _a610.73699 | ||
| 082 | 0 | 0 |
_a610.73699 DUR _221 |
| 100 | _a2 | ||
| 101 | _aINF | ||
| 245 | 0 | 4 |
_aThe person with HIV/AIDS : _cJerry D. Durham, Felissa R. Lashley, editors. |
| 504 | _aIncludes bibliographical references and index. | ||
| 906 |
_a7 _bcbc _corignew _d1 _eocip _f19 _gy-gencatlg |
||
| 942 |
_2ddc _cBK |
||
| 999 |
_c42107 _d42107 |
||